000 00258cam a2200109ua 4500
082 _a621.8152
_bBHA/MA
100 _aBhatt, N D.
_91433
245 _aMachine Drawing /
260 _aAnand :
_bCharotar Publishing House ,
_c23.
300 _a214 ; .
942 _cBK
999 _c1895
_d1895